| 000 | 00794cam a2200265 a 4500 | ||
|---|---|---|---|
| 001 | 3493607 | ||
| 005 | 20180228093032.0 | ||
| 008 | 940407s1994 moua b 001 0 eng d | ||
| 010 | _a 94142736 | ||
| 020 | _a0801676630 | ||
| 035 | _a(OCoLC)30898213 | ||
| 040 |
_aMdU-H _cMdU-H _dUk _dWU-M _dDLC |
||
| 041 | _aeng | ||
| 042 | _alccopycat | ||
| 080 | _a616.07/5 BAU | ||
| 082 | 0 | 0 |
_a616.07/5 BAU _220 |
| 100 | _a3 | ||
| 101 | _aSHM | ||
| 245 | 0 | 0 |
_aHealth & physical assessment / _cViolet H. Barkauskas ... [et al.]. |
| 504 | _aIncludes bibliographical references and index. | ||
| 740 | 0 | _aHealth and physical assessment. | |
| 906 |
_a7 _bcbc _ccopycat _d2 _encip _f19 _gy-gencatlg |
||
| 942 |
_2ddc _cBK |
||
| 999 |
_c43737 _d43737 |
||